000 00806nam a2200289Ia 4500
005 20260324113841.0
008 008 260324s9999 xx 000 0 eng d
020 _a9781003270928
037 _aEBOOK
040 _aCRL
040 _beng
040 _cCRL
041 _2eng
041 _aeng
084 _qCRL
100 _aSurya S Durbha; Jibonananda Sanyal; Lexie Yang; Sangita S Chaudhari; Ujwala Bhangale; Ujwala Bharambe; Kuldeep Kurte
_91148428
245 0 _aAdvances in Scalable and Intelligent Geospatial Analytics
245 0 _bChallenges and Applications
260 _bTaylor and Francis
260 _c2023
365 _a
365 _b290
856 _uhttp://www.taylorfrancis.com/books/9781003270928
942 _cEBOOK
999 _c1738289
_d1738289